<?xml version="1.0" encoding="UTF-8"?>
<collection xmlns:xsi="http://www.w3.org/2001/XMLSchema-instance" xsi:schemaLocation="http://www.loc.gov/MARC21/slim http://www.loc.gov/standards/marcxml/schema/MARC21slim.xsd" xmlns="http://www.loc.gov/MARC21/slim">
 <record>
  <leader>00000cab a22000004cb4500</leader>
  <controlfield tag="001">IPP-00000003181</controlfield>
  <controlfield tag="003">IPP</controlfield>
  <controlfield tag="005">20130903155411.0</controlfield>
  <controlfield tag="008">130903s2012    xx     d | ||r |||||fil||</controlfield>
  <datafield tag="041" ind1="#" ind2="#">
   <subfield code="a">fil</subfield>
  </datafield>
  <datafield tag="100" ind1="1" ind2="#">
   <subfield code="a">Minoza, Leah Emily C.</subfield>
  </datafield>
  <datafield tag="245" ind1="1" ind2="0">
   <subfield code="a">Kabuhayang bini-bid, kinabukasang tagilid</subfield>
   <subfield code="b">isang pananaliksik tungkol sa kontraktwalisasyon at kasarian sa Office of Student Housing ng Unibersidad ng Pilipinas - Diliman.</subfield>
  </datafield>
  <datafield tag="264" ind1="#" ind2="1">
   <subfield code="c">2012</subfield>
  </datafield>
  <datafield tag="300" ind1="#" ind2="#">
   <subfield code="b">illustrations.</subfield>
  </datafield>
  <datafield tag="520" ind1="#" ind2="#">
   <subfield code="a">Ang artikulong ito ay nagsisiyasat sa kalagayan ng mga manggagawang kontraktwal sa Office of Student Housing ng UP diliman at ang pangkasariang salik sa iskemang kontraktwalisasyon. Binibigyang diin dito ang kawaaln gnhistisya hindi lamang sa materyal na kalagayan ngunit pati na rin sa sikolohikal at sosyal na lagay ng manggagawang kontraktwal at ang umiiralna  di-pantay na paghahati ng gawain sa loob ng thanan.&#13;&#13;This article explores the situation of contractual workers of the Office of of Student Housing  in UP Diliman and surfaces how gender figures in this work arrangement. The paper emphasizes that the injustice of contractualization is manifested not only in the material conditions but also on the psychological and social conditions of workers and its impacts on the gender division of labour.</subfield>
  </datafield>
  <datafield tag="650" ind1="1" ind2="0">
   <subfield code="a">Contract labor</subfield>
  </datafield>
  <datafield tag="650" ind1="2" ind2="0">
   <subfield code="a">Sexual division of labor</subfield>
  </datafield>
  <datafield tag="773" ind1="0" ind2="#">
   <subfield code="t">Philippine Journal of Social Development</subfield>
   <subfield code="g">Vol. 4 (2012), 174-201</subfield>
  </datafield>
  <datafield tag="852" ind1="#" ind2="#">
   <subfield code="a">UPD</subfield>
   <subfield code="b">DSWCD</subfield>
  </datafield>
  <datafield tag="942" ind1="#" ind2="#">
   <subfield code="a">Article</subfield>
  </datafield>
  <datafield tag="950" ind1="#" ind2="#">
   <subfield code="a">FI</subfield>
  </datafield>
 </record>
</collection>
